| 000 | 01232cam a2200265 i 4500 | ||
|---|---|---|---|
| 003 | SA-RiAUC | ||
| 005 | 20250504084648.0 | ||
| 008 | 250503s1969 sy g 00110 ara c | ||
| 040 |
_aSA-RiAUC _bara _cSA-RiAUC _erda |
||
| 082 | 0 | 4 |
_a232.64 _qSA-RiAUC |
| 090 |
_a232.64 _bع ل ي |
||
| 100 | 1 |
_aعلي القاري، علي بن محمد الهروي، _cالملا، _dتوفي 1014 هجري _eمؤلف. |
|
| 245 | 1 | 2 |
_aالمصنوع في معرفة الحديث والموضوع، وهو، الموضوعات الصغرى / _cتأليف علي بن سلطان القاري ؛ تحقيق ومراجعة عبد الفتاح أبي غدة. |
| 246 | 3 | 3 | _aالموضوعات الصغرى |
| 264 | 1 |
_aحلب، سوريا : _bمكتبة المطبوعات الإسلامية، _c1969 |
|
| 300 |
_a271 صفحة ؛ _c24 سم |
||
| 336 |
_aنص _btxt _2rdacontent _3كتاب |
||
| 337 |
_aبدون وسيط _bn _2rdamedia |
||
| 338 |
_aمجلد _bnc _2rdacarrier |
||
| 500 | _aكشافات : صفحة 223-271. | ||
| 650 | 7 |
_aالحديث الموضوع _2aucsh |
|
| 700 | 1 |
_aأبو غدة، عبد الفتاح بن محمد بن بشير، _d1917-1997 _eمحقق. |
|
| 942 |
_2ddc _cBOOK _n0 |
||
| 949 |
_aSA-JeALM _d250503 _umohamedma123 _n1 |
||
| 999 |
_c7578 _d7578 |
||